AP College Football Top 25 2026 - Statistics

General Stats
  • This quiz has been taken 241 times
  • The average score is 19 of 25
Answer Stats
# Rec Answer Pts % Correct
1 13-0 Indiana 1650
100%
3 12-1 Ohio State 1538
99%
11 10-3 Alabama 973
98%
14 9-3 Texas 872
97%
10 10-2 Miami 1017
96%
5 11-1 Oregon 1358
95%
2 12-1 Georgia 1550
94%
18 9-3 Michigan 503
91%
9 10-2 Notre Dame 1094
90%
4 12-1 Texas Tech 1452
89%
7 11-1 Texas A&M 1278
88%
8 10-2 Oklahoma 1154
85%
6 11-1 Ole Miss 1323
84%
16 9-3 USC 609
80%
19 12-1 James Madison 490
74%
17 11-2 Tulane 521
74%
12 11-2 BYU 899
72%
20 10-3 Virginia 323
69%
13 10-2 Vanderbilt 880
66%
15 10-2 Utah 748
63%
21 9-3 Arizona State 322
60%
24 9-3 Georgia Tech 147
57%
25 8-4 Missouri 92
52%
23 11-2 North Texas 151
40%
22 9-2 Navy 173
31%
No matching quizzes found
Score Distribution
Percent of People with Each Score
Percentile by Number Answered
Your Score History
You have not taken this quiz